000 00589nam a2200205Ia 4500
003 OSt
005 20240925162052.0
008 210210b2018 xxu||||| |||| 00| 0 eng d
020 _a9788193788662
040 _aAL
_c
041 _aKonkani
082 _a891.46301 MONC
100 _aMONTERO (Roni)
_937939
_dಮೊಂತೇರೊ (ರೋನಿ)
245 _aChabuk ani her katha
_bಚಾಬೂಕ್ ಆನಿ ಹೆರ್ ಕಥಾ
260 _aMangaluru
_bAshavadi Prakashan
_c2018
300 _a176
690 _aKonkani Fiction
_937940
906 _a073271
942 _2ddc
_cBK
999 _c96173
_d96173